| 000 | 01275nam a22003857a 4500 | ||
|---|---|---|---|
| 001 | 0016669 | ||
| 003 | KOHA_MİRAKIL | ||
| 005 | 20260207002112.0 | ||
| 007 | ta | ||
| 008 | 100421b2006 tu |||gr||||#0|||0|tur | | ||
| 020 |
_a9751932734 _cTL2 |
||
| 040 |
_aTR-BiSEU _btur _cTR-BiSEU _erda |
||
| 041 | 0 | _atur | |
| 044 | _ctu | ||
| 050 |
_aBP136.8 _b.K37 2006 |
||
| 100 | 1 | _aKaragöz, İsmail. | |
| 245 | 1 |
_aAyet ve hadislerin ışığında sevgi ve dostluk/ _cİsmail Karagöz ; İsmail Karagöz. |
|
| 250 | _a3 | ||
| 264 | 1 |
_aAnkara : _bDiyanet İşleri Başkanlığı Yayınları _c2006 |
|
| 300 | _a256 sayfa; 18 cm. | ||
| 336 |
_ametin _btxt _2rdacontent |
||
| 337 |
_aaracısız _bn _2rdamedia |
||
| 338 |
_acilt _bnc _2rdacarrier |
||
| 490 | 1 |
_aDiyanet İşleri Başkanlığı Yayınları ; _v559 |
|
| 500 | _aKaynakça var. | ||
| 650 | 0 |
_aHadis yorumları--Açıklamaları. _938606 |
|
| 650 | 0 |
_aHadith comments--Descriptions. _938607 |
|
| 650 | 0 |
_aSevgi--Dinsel yönler--İslam. _938608 |
|
| 650 | 0 |
_aLove--Religious aspects--Islam. _938609 |
|
| 650 | 0 |
_aGod (Islam)--Love _938610 |
|
| 650 | 0 |
_aAllah (İslam)--Sevgi _938611 |
|
| 830 | 1 |
_aDiyanet İşleri Başkanlığı Yayınları ; _v559 _930343 |
|
| 907 | _aOkuma Kitabı | ||
| 942 |
_2lcc _cBK |
||
| 999 |
_c16630 _d16630 |
||